| 000 | 00323nam a2200121Ia 4500 | ||
|---|---|---|---|
| 005 | 20260328101447.0 | ||
| 008 | 260328s9999||||xx |||||||||||||| ||und|| | ||
| 100 | _aPradilla, Santiago | ||
| 245 | 0 |
_aCupica : _b Lo que alguna vez existió / _cSantiago Pradilla |
|
| 260 | _bHosie | ||
| 650 | _aVIVIENDA ECONÓMICA | ||
| 942 | _cBK | ||
| 999 |
_c8514 _d8514 |
||